Theologia scholasticas-dogmatica Ex Ss. Patribus, maxime Ex D. Agustino, et angélico doctore deprompta, et acommodata ad utilitatem juventutis, in octo tomo distributa. (Record no. 8515)
[ view plain ]
| 000 -CABECERA | |
|---|---|
| campo de control de longitud fija | 00874nam a2200217 a 4500 |
| 001 - NÚMERO DE CONTROL | |
| campo de control | BRCA_8864 |
| 005 - FECHA Y HORA DE LA ÚLTIMA TRANSACCIÓN | |
| campo de control | 20190320210435.0 |
| 008 - DATOS DE LONGITUD FIJA--INFORMACIÓN GENERAL | |
| campo de control de longitud fija | 140617s1782----it-#######---#000-0#lat-# |
| 041 ## - CÓDIGO DE LENGUA | |
| Código de lengua del texto/banda sonora o título independiente | lat |
| 044 ## - CÓDIGO DEL PAÍS DE LA ENTIDAD EDITORA/PRODUCTORA | |
| Código MARC del país | it |
| 084 ## - OTRO NÚMERO DE CLASIFICACIÓN | |
| Número de clasificación | BE245 |
| Número de documento/Ítem | .T54 1782 |
| 245 10 - MENCIÓN DE TÍTULO | |
| Título | Theologia scholasticas-dogmatica Ex Ss. Patribus, maxime Ex D. Agustino, et angélico doctore deprompta, et acommodata ad utilitatem juventutis, in octo tomo distributa. |
| 260 ## - PUBLICACIÓN, DISTRIBUCIÓN, ETC. | |
| Lugar de publicación, distribución, etc. | Romae |
| Nombre del editor, distribuidor, etc. | Ex Typographia Hermatheniana |
| Fecha de publicación, distribución, etc. | 1782 |
| 300 ## - DESCRIPCIÓN FÍSICA | |
| Extensión | XVI, 343 p. (t.7) 2a imp. |
| Dimensiones | 18.4 x 11.5 cm. |
| 500 ## - NOTA GENERAL | |
| Nota general | Superiorum Facultate |
| 500 ## - NOTA GENERAL | |
| Nota general | En portada: Tomo VII. De deo impiorum, et doemonum punitore, atque finaliter judicaturo. Segunda impressio |
| 500 ## - NOTA GENERAL | |
| Nota general | Estado físico: presenta encuadernación en pergamino deteriorado |
| 650 14 - PUNTO DE ACCESO ADICIONAL DE MATERIA--TÉRMINO DE MATERIA | |
| Término de materia o nombre geográfico como elemento de entrada | Teología |
| Subdivisión cronológica | Oras anteriores a 1800 |
| 9 (RLIN) | 22077 |
| 902 ## - CATALOGADOR | |
| Iniciales | CFM |
| 942 ## - ELEMENTOS DE PUNTO DE ACCESO ADICIONAL (KOHA) | |
| Fuente del sistema de clasificación o colocación | Library of Congress Classification |
| Tipo de ítem Koha | Libros |
| Estado de retiro | Estado de pérdida | Estado dañado | No para préstamo | Localización permanente | Ubicación/localización actual | Fecha de adquisición | Total de préstamos | Signatura topográfica completa | Código de barras | Fecha visto por última vez | Precio válido a partir de | Tipo de ítem Koha |
|---|---|---|---|---|---|---|---|---|---|---|---|---|
| El ejemplar forma parte de la colección y puede ser consultado según las políticas vigentes. | Biblioteca del Museo Franz Mayer (Rogerio Casas-Alatriste) | Biblioteca del Museo Franz Mayer (Rogerio Casas-Alatriste) | 14/06/2017 | BE245 .T54 1782 | CFM00187 | 22/03/2019 | 22/03/2019 | Libros |